000 00672nam a2200277Ia 4500
005 20260324130658.0
008 008 260324s9999 xx 000 0 eng d
020 _a9780429120077
037 _aEBOOK
040 _aCRL
040 _beng
040 _cCRL
041 _2eng
041 _aeng
084 _qCRL
100 _aSandro De Silvestri; Giulio Cerullo; Guglielmo Lanzani
_91182684
245 0 _aCoherent Vibrational Dynamics
260 _bTaylor and Francis
260 _c2007
365 _a
365 _b400
856 _uhttp://www.taylorfrancis.com/books/9780429120077
942 _cEBOOK
999 _c1779065
_d1779065